000 00602nam a22002177a 4500
003 SISC
005 20160304133929.0
008 130109t xxu||||| |||| 00| 0 eng d
020 _a0671722778
050 _aPR 2825
_b.Sh527 1992
082 _aHS 822.33P3
_bSh1 1992
100 _aShakespeare, William
_91777
245 _aThe merchant of venice /
_cWilliam Shakespeare
260 _aNew York :
_bWashington Square Press,
_cc1992.
300 _a227 p. :
_c18 cm
600 _2Comedies
_aShakespeare, William
_91777
942 _2lcc
_cBK
999 _c8781
_d8781